[Event "FRA-chT"]
[Site "FRA"]
[Date "1996.??.??"]
[Round "?"]
[White "Bellet, Georges"]
[Black "Anic, Darko"]
[Result "0-1"]
[WhiteElo "2205"]
[BlackElo "2455"]
[PlyCount "79"]
[EventDate "1996.??.??"]
[Source "ChessBase"]

1. e4 c6 2. d4 d5 3. f3 dxe4 4. fxe4 e5 5. Nf3 Be6 6. c3 h6 7. Bd3 Nd7 8. O-O
Ngf6 9. Qe2 Be7 10. Kh1 Qc7 11. Be3 O-O 12. Nbd2 Rfe8 13. Nc4 exd4 14. cxd4 Bf8
15. Nce5 Ng4 16. Nxd7 Bxd7 17. Bg1 Nf6 18. Ne5 Be6 19. Be3 Nd7 20. Nxd7 Qxd7
21. a3 Rad8 22. Rac1 Bd6 23. Bb1 Bg4 24. Qf2 Bh5 25. e5 Bc7 26. Rc5 Bg6 27. Ba2
Bb6 28. Qg3 Kh7 29. Rc4 Qd5 30. b4 Re7 31. Rc2 Qe4 32. Rc5 Qd3 33. Bc4 Qxa3 34.
e6 Bxc5 35. bxc5 Qc3 36. Rc1 Qa3 37. Rf1 Rxe6 38. Bxe6 fxe6 39. Qe5 Qd3 40. Ra1
0-1

[Event "FRA-chT"]
[Site "FRA"]
[Date "1996.??.??"]
[Round "?"]
[White "Bellet, Georges"]
[Black "Jost, Claude"]
[Result "0-1"]
[WhiteElo "2205"]
[BlackElo "2300"]
[PlyCount "172"]
[EventDate "1996.??.??"]
[Source "ChessBase"]

1. e4 e5 2. Nf3 Nc6 3. Bb5 Nf6 4. O-O Nxe4 5. d4 Nd6 6. Re1 Nxb5 7. Nxe5 Be7 8.
Bg5 Nbxd4 9. Bxe7 Nxe7 10. Qxd4 O-O 11. Nc3 d5 12. Rad1 Be6 13. Ne2 Nc6 14.
Nxc6 bxc6 15. Rd3 Bf5 16. Rg3 f6 17. Qf4 Qd7 18. Nd4 Rfe8 19. Rf1 Bg6 20. Rc3
Rab8 21. b3 Rb6 22. h3 Re4 23. Qd2 Qd6 24. Rd1 c5 25. Ne2 Rb8 26. f3 Re7 27.
Nf4 c6 28. Nxg6 hxg6 29. Qf2 d4 30. Rcd3 Rbe8 31. R3d2 Qe5 32. Qf1 Qg3 33. Qc4+
Kh7 34. Rf1 Re3 35. Rdf2 R8e5 36. Qa6 Rh5 37. Kh1 Re1 38. Rxe1 Qxf2 39. Qe2 Qg3
40. Qe6 Rd5 41. Qe8 Qf2 42. Qe2 Qxe2 43. Rxe2 c4 44. Rd2 cxb3 45. axb3 Kg8 46.
Kg1 Kf7 47. Kf2 Ke6 48. Ke2 Kd6 49. Kd3 Kc5 50. Rd1 Re5 51. Ra1 Re3+ 52. Kd2
Kb6 53. Ra4 c5 54. Ra1 a5 55. Ra2 f5 56. Ra1 f4 57. Ra2 Re5 58. c3 Re3 59. cxd4
cxd4 60. Ra4 Rxb3 61. Rxd4 g5 62. Kc2 Re3 63. Rd7 Re2+ 64. Kb3 Rxg2 65. Rxg7
Rg3 66. Kc4 a4 67. Rg6+ Ka5 68. Rg8 Kb6 69. Rg6+ Kb7 70. Kb5 Kc7 71. Kc5 Kd7
72. Kd5 Ke7 73. Ke5 Kd7 74. Kd5 Ke7 75. Ke5 Rxh3 76. Rxg5 Rxf3 77. Rg7+ Kd8 78.
Ra7 a3 79. Ra4 Kc7 80. Kd5 Kb6 81. Ke4 Kb5 82. Ra8 Rb3 83. Kxf4 Kb4 84. Ke4 Kc3
85. Kd5 Kb2 86. Kc4 a2 0-1

[Event "FRA-chT"]
[Site "FRA"]
[Date "1996.??.??"]
[Round "?"]
[White "Benitah, Yohan"]
[Black "Berend, Fred"]
[Result "0-1"]
[WhiteElo "2265"]
[BlackElo "2425"]
[PlyCount "78"]
[EventDate "1996.??.??"]
[Source "ChessBase"]

1. d4 Nf6 2. c4 e6 3. Nc3 Bb4 4. e3 O-O 5. Nge2 d5 6. a3 Be7 7. Ng3 b6 8. Bd3
dxc4 9. Bxc4 Bb7 10. O-O Nbd7 11. e4 c5 12. d5 Ne5 13. Ba2 exd5 14. exd5 c4 15.
Qe2 Bd6 16. Bg5 Re8 17. Nge4 Rc8 18. f4 Neg4 19. h3 Bc5+ 20. Kh1 Nxe4 21. Qxg4
f5 22. Qh4 Qc7 23. Nxe4 Rxe4 24. Bb1 h6 25. Bxe4 fxe4 26. Qg4 Qd6 27. Bh4 e3
28. f5 Qxd5 29. f6 g5 30. f7+ Kf8 31. Be1 h5 32. Qe2 Qd3 33. Qxd3 cxd3 34. Bc3
d2 35. Rf5 Be7 36. Re5 Rd8 37. Rd1 Rd3 38. Rxe7 Rxc3 39. Rxb7 Rc1 0-1

[Event "FRA-chT"]
[Site "FRA"]
[Date "1996.??.??"]
[Round "?"]
[White "Benitah, Yohan"]
[Black "Berthelot, Yannick"]
[Result "1-0"]
[WhiteElo "2265"]
[BlackElo "2290"]
[PlyCount "69"]
[EventDate "1996.??.??"]
[Source "ChessBase"]

1. d4 Nf6 2. c4 g6 3. Nc3 Bg7 4. e4 d6 5. f3 O-O 6. Bg5 c5 7. d5 e6 8. Qd2 exd5
9. cxd5 h6 10. Be3 a6 11. Nge2 b5 12. Ng3 h5 13. e5 Nh7 14. exd6 Re8 15. Be2 f5
16. Bxc5 h4 17. Nf1 Nd7 18. Bd4 Ne5 19. O-O-O Qxd6 20. Ne3 Bd7 21. f4 b4 22.
fxe5 bxc3 23. bxc3 Qa3+ 24. Kb1 Rab8+ 25. Ka1 Bb5 26. Nc4 Bxc4 27. Bxc4 Qa4 28.
Qe2 Ng5 29. Rb1 Rxb1+ 30. Rxb1 Ne4 31. Bxa6 Rxe5 32. Qb5 Qc2 33. Qb8+ Kh7 34.
Bxe5 Nxc3 35. Qb2 1-0

[Event "FRA-chT"]
[Site "FRA"]
[Date "1996.??.??"]
[Round "?"]
[White "Benitah, Yohan"]
[Black "Marciano, David"]
[Result "1/2-1/2"]
[WhiteElo "2265"]
[BlackElo "2480"]
[PlyCount "30"]
[EventDate "1996.??.??"]
[Source "ChessBase"]

1. d4 Nf6 2. c4 e6 3. Nc3 Bb4 4. e3 O-O 5. Nge2 d5 6. a3 Be7 7. Ng3 c5 8. dxc5
Bxc5 9. b4 Be7 10. cxd5 exd5 11. Bb2 Nc6 12. Nce2 Re8 13. Nd4 a5 14. b5 Nxd4
15. Bxd4 a4 1/2-1/2

[Event "FRA-chT"]
[Site "FRA"]
[Date "1996.??.??"]
[Round "?"]
[White "Benitah, Yohan"]
[Black "Okhotnik, Vladimir"]
[Result "0-1"]
[WhiteElo "2265"]
[BlackElo "2415"]
[PlyCount "79"]
[EventDate "1996.??.??"]
[Source "ChessBase"]

1. d4 g6 2. c4 Bg7 3. Nc3 c5 4. d5 Bxc3+ 5. bxc3 f5 6. Nf3 Qa5 7. Qc2 d6 8. g3
Nd7 9. Bg2 Nb6 10. Nd2 Qa4 11. Qb3 Nf6 12. h3 Rb8 13. O-O e5 14. e4 O-O 15. f3
Nh5 16. Kh2 Bd7 17. Ba3 Rf7 18. Rae1 f4 19. g4 Ng3 20. Rf2 Qa6 21. Bc1 h5 22.
a3 Rh7 23. Kg1 Kg7 24. g5 h4 25. Kh2 Rh5 26. Qa2 Rxg5 27. Bb2 Ba4 28. Ba1 Nd7
29. Rb1 Qa5 30. Qb2 Qd8 31. Qc1 Nh5 32. Rb2 Rg3 33. Qb1 Nb6 34. Re2 Bd7 35. Nf1
Rg5 36. Nd2 Bc8 37. Rb5 Rg3 38. Nf1 Nxc4 39. Nxg3 fxg3+ 40. Kg1 0-1

[Event "FRA-chT"]
[Site "FRA"]
[Date "1996.??.??"]
[Round "?"]
[White "Berend, Fred"]
[Black "Belkhodja, Slim"]
[Result "1-0"]
[WhiteElo "2425"]
[BlackElo "2405"]
[PlyCount "65"]
[EventDate "1996.??.??"]
[Source "ChessBase"]

1. e4 c5 2. Nf3 e6 3. g3 Nf6 4. d3 d5 5. Nbd2 Nc6 6. Bg2 b6 7. O-O Be7 8. Re1
Qc7 9. Qe2 Bb7 10. c3 O-O-O 11. a3 c4 12. dxc4 dxe4 13. Ng5 Ne5 14. Ndxe4 h6
15. Nxf6 hxg5 16. Nd5 exd5 17. Qxe5 Bf6 18. Qf5+ Kb8 19. cxd5 Bc8 20. Qe4 Bb7
21. c4 b5 22. d6 Rxd6 23. Qxb7+ Qxb7 24. Bxb7 Kxb7 25. cxb5 Rc8 26. Rb1 Rd3 27.
a4 Rc2 28. Be3 Rb3 29. Red1 Rc7 30. Rd2 Kc8 31. Kg2 Rc4 32. Bxa7 Rxa4 33. Rc1+
1-0

[Event "FRA-chT"]
[Site "FRA"]
[Date "1996.??.??"]
[Round "?"]
[White "Berend, Fred"]
[Black "Komarov, Dimitri"]
[Result "0-1"]
[WhiteElo "2425"]
[BlackElo "2595"]
[PlyCount "116"]
[EventDate "1996.??.??"]
[Source "ChessBase"]

1. e4 c5 2. Nf3 Nc6 3. Bb5 e6 4. b3 Nge7 5. Bb2 f6 6. O-O Ng6 7. Re1 Be7 8. d4
cxd4 9. Nxd4 O-O 10. Bf1 Qb6 11. Qd2 Nge5 12. Nxc6 bxc6 13. Bd4 Qc7 14. c4 Bb7
15. Qf4 Qa5 16. Bc3 Qb6 17. Nd2 a5 18. Nf3 Rf7 19. Rad1 Bb4 20. Qe3 Qxe3 21.
Rxe3 Nxf3+ 22. Rxf3 c5 23. Bb2 Bxe4 24. a3 Bxf3 25. gxf3 Ra6 26. f4 Kf8 27. Bd3
g6 28. Kg2 Ke7 29. axb4 axb4 30. Re1 Rf8 31. Re3 Ra2 32. Re2 Rfa8 33. Bb1 R2a6
34. Be4 R8a7 35. f5 Kf7 36. fxe6+ dxe6 37. Bc1 Ra2 38. Re3 f5 39. Bc6 Rc2 40.
Rh3 h5 41. Bf4 Kf6 42. Rd3 g5 43. Be3 Ra5 44. Bb5 f4 45. Bxc5 Rxb5 46. Bd4+ Re5
47. Rh3 h4 48. Rd3 Kf5 49. Bxe5 Kxe5 50. Rd8 Rc3 51. Rg8 Kf5 52. f3 h3+ 53. Kf2
Rxb3 54. c5 Rc3 55. Rb8 b3 56. c6 Rc2+ 57. Kg1 Rxc6 58. Rxb3 Rc1+ 0-1

[Event "FRA-chT"]
[Site "FRA"]
[Date "1996.??.??"]
[Round "?"]
[White "Bernard, Christophe"]
[Black "Garcia, Olivier"]
[Result "1/2-1/2"]
[WhiteElo "2370"]
[BlackElo "2250"]
[PlyCount "98"]
[EventDate "1996.??.??"]
[Source "ChessBase"]

1. d4 g6 2. Nf3 Bg7 3. c4 d6 4. Nc3 Nd7 5. e4 e5 6. Be2 Ne7 7. O-O O-O 8. Be3
exd4 9. Nxd4 Nc5 10. Qd2 f5 11. exf5 Bxd4 12. Bxd4 Nxf5 13. b4 Nxd4 14. Qxd4
Ne6 15. Qe3 a5 16. b5 Nc5 17. b6 cxb6 18. Rad1 Bf5 19. Qd4 Qg5 20. f4 Qe7 21.
Bf3 Qf6 22. Qxf6 Rxf6 23. Nd5 Rff8 24. Ne7+ Kg7 25. Nxf5+ Rxf5 26. g3 Rf6 27.
Rb1 Raf8 28. Kg2 h6 29. Bd5 g5 30. fxg5 hxg5 31. Rxf6 Kxf6 32. Rxb6 Ke5 33. Rb5
Kd4 34. Rxa5 Nd3 35. Bxb7 g4 36. Rd5+ Ke3 37. h3 Ne1+ 38. Kg1 Nf3+ 39. Kh1 Rh8
40. h4 Kf2 41. Rxd6 Nxh4 42. Rd2+ Kxg3 43. Kg1 Rb8 44. Rb2 Nf3+ 45. Kf1 Rh8 46.
Rg2+ Kf4 47. Bxf3 gxf3 48. Rg7 Rh1+ 49. Rg1 Rh2 1/2-1/2

[Event "FRA-chT"]
[Site "FRA"]
[Date "1996.??.??"]
[Round "?"]
[White "Bernard, Christophe"]
[Black "Komarov, Dimitri"]
[Result "0-1"]
[WhiteElo "2370"]
[BlackElo "2595"]
[PlyCount "82"]
[EventDate "1996.??.??"]
[Source "ChessBase"]

1. d4 Nf6 2. Nf3 e6 3. c4 b6 4. g3 Ba6 5. Nbd2 Bb7 6. Bg2 c5 7. O-O cxd4 8.
Nxd4 Bxg2 9. Kxg2 Be7 10. b3 O-O 11. Bb2 a6 12. e4 d6 13. Qe2 Qc7 14. Rac1 Nbd7
15. Rfd1 Qb7 16. a3 Rfe8 17. f3 Bf8 18. b4 Rac8 19. b5 Nc5 20. Nc6 Nfd7 21. Nf1
Nb8 22. Nxb8 Rxb8 23. Rc2 Rbc8 24. Ne3 Rc7 25. e5 dxe5 26. Bxe5 Rd7 27. Rxd7
Nxd7 28. Bb2 Rc8 29. Rd2 Nc5 30. Qd1 Qe7 31. Be5 Qa7 32. Bd6 axb5 33. Bxf8 Rxf8
34. Rd8 f6 35. cxb5 Qxa3 36. Ng4 Qb2+ 37. Kh3 Qxb5 38. f4 Rxd8 39. Qxd8+ Kf7
40. f5 Qf1+ 41. Kh4 Qxf5 0-1

[Event "FRA-chT"]
[Site "FRA"]
[Date "1996.??.??"]
[Round "?"]
[White "Bernard, Christophe"]
[Black "Relange, Eloi"]
[Result "1/2-1/2"]
[WhiteElo "2370"]
[BlackElo "2450"]
[PlyCount "109"]
[EventDate "1996.??.??"]
[Source "ChessBase"]

1. d4 d5 2. c4 c6 3. Nf3 Nf6 4. Nc3 e6 5. Bg5 h6 6. Bxf6 Qxf6 7. e3 Nd7 8. Bd3
g6 9. Qc2 Bg7 10. O-O O-O 11. Rad1 a6 12. cxd5 exd5 13. e4 Nb6 14. e5 Qe7 15.
h3 Be6 16. Ne2 Rfc8 17. Nf4 c5 18. Qb3 Nc4 19. Nxd5 Bxd5 20. Bxc4 Bxf3 21. Qxf3
cxd4 22. Rxd4 Bxe5 23. Re4 Qf6 24. Qe3 Bd6 25. Qxh6 Bf8 26. Qe3 Qxb2 27. Qg5
Qg7 28. Rd1 Rc5 29. Qf4 Rf5 30. Qc7 Bc5 31. Qxb7 Bxf2+ 32. Kh1 Rf8 33. Qxa6 Bg3
34. Rg4 Rf6 35. Qb7 Bb8 36. a4 Rd6 37. Rf1 Rf6 38. Rb1 Qh6 39. a5 Rf4 40. Qd7
Rxg4 41. Bxf7+ Rxf7 42. Rxb8+ Kg7 43. Qxg4 Qc1+ 44. Kh2 Qc7+ 45. Qg3 Qxa5 46.
Rc8 Qf5 47. Rc6 Kh6 48. Rc7 Rxc7 49. Qxc7 Qg5 50. Qd6 Qe3 51. Qg3 Qd2 52. Qe5
Qf2 53. Qg3 Qd2 54. h4 Kh5 55. Kg1 1/2-1/2

[Event "FRA-chT"]
[Site "FRA"]
[Date "1996.??.??"]
[Round "?"]
[White "Bernard, Christophe"]
[Black "Velikov, Petar"]
[Result "0-1"]
[WhiteElo "2370"]
[BlackElo "2445"]
[PlyCount "96"]
[EventDate "1996.??.??"]
[Source "ChessBase"]

1. d4 d5 2. c4 c6 3. Nf3 Nf6 4. Qc2 g6 5. e3 Bg7 6. Nc3 O-O 7. Bd2 Be6 8. cxd5
cxd5 9. Bd3 Nc6 10. a3 Bg4 11. Ne5 Nxe5 12. dxe5 Nd7 13. h3 Be6 14. f4 Nc5 15.
b4 Nxd3+ 16. Qxd3 Rc8 17. O-O Rc4 18. Rac1 Qd7 19. e4 dxe4 20. Qxd7 Bxd7 21.
Nd5 Rd4 22. Nxe7+ Kh8 23. Bc3 Rd3 24. Rfd1 Be6 25. Rxd3 exd3 26. Rd1 Rd8 27. g4
Bf8 28. f5 Bxe7 29. fxe6 fxe6 30. Kf2 Bg5 31. Kf3 Kg7 32. Bd2 Kh6 33. h4 Bxd2
34. Rxd2 Rd4 35. Kg3 b5 36. Kf3 Kg7 37. Kg3 Kf7 38. Kf3 Ke7 39. h5 Kf7 40.
hxg6+ Kxg6 41. Ke3 Rxg4 42. Kxd3 h5 43. Rf2 h4 44. Rf6+ Kg5 45. Rxe6 h3 46. Re8
Rh4 47. e6 h2 48. e7 Kf6 0-1

[Event "FRA-chT"]
[Site "FRA"]
[Date "1996.??.??"]
[Round "?"]
[White "Bernard, Vincent"]
[Black "Chevallier, Didier"]
[Result "1/2-1/2"]
[WhiteElo "2125"]
[BlackElo "2300"]
[PlyCount "94"]
[EventDate "1996.??.??"]
[Source "ChessBase"]

1. e4 c5 2. Nf3 e6 3. c3 d5 4. exd5 exd5 5. d4 Nc6 6. Be2 Qb6 7. O-O Nf6 8. c4
Nxd4 9. cxd5 Nxd5 10. Bc4 Be6 11. Nxd4 cxd4 12. Qa4+ Bd7 13. Re1+ Be7 14. Qd1
Be6 15. Qa4+ Bd7 16. Qd1 Be6 17. Qa4+ Kf8 18. Nd2 Rc8 19. a3 Nf4 20. Bf1 Ng6
21. Nf3 Rd8 22. b4 Bd5 23. Qd1 Bf6 24. Ng5 Qc7 25. Bd2 Be5 26. g3 h6 27. Rc1
Qb8 28. Ne4 b6 29. f4 Bc7 30. Bd3 Qb7 31. Qh5 Bb8 32. b5 Qd7 33. Nf2 Kg8 34.
Bb4 Ba8 35. Bc4 Kh7 36. Nh3 Bd5 37. Bd3 Rhe8 38. Ng5+ Kg8 39. Nxf7 Bxf7 40.
Bxg6 Bxg6 41. Qxg6 d3 42. Rxe8+ Rxe8 43. Qc6 Qd4+ 44. Kf1 Rd8 45. Bc3 Qd6 46.
Rd1 Kf7 47. Kf2 Qc5+ 1/2-1/2

[Event "FRA-chT"]
[Site "FRA"]
[Date "1996.??.??"]
[Round "?"]
[White "Berthelot, Yannick"]
[Black "Bernard, Vincent"]
[Result "1/2-1/2"]
[WhiteElo "2290"]
[BlackElo "2125"]
[PlyCount "142"]
[EventDate "1996.??.??"]
[Source "ChessBase"]

1. e4 c5 2. Nf3 Nc6 3. d4 cxd4 4. Nxd4 g6 5. c4 Nf6 6. Nc3 d6 7. Be2 Nxd4 8.
Qxd4 Bg7 9. Bg5 O-O 10. Qd2 Qa5 11. O-O Be6 12. Rac1 Rfc8 13. b3 a6 14. f4 Rc5
15. Rb1 Nd5 16. exd5 Bxc3 17. Qe3 Bf5 18. b4 Bxb4 19. Rxb4 Qxb4 20. Qxe7 Qb6
21. Qf6 Rcc8+ 22. Rf2 Qd8 23. Qxd8+ Rxd8 24. Bxd8 Rxd8 25. Bf1 Kf8 26. Rb2 Rd7
27. Kf2 Ke8 28. Ke3 Re7+ 29. Kd2 Kd8 30. Rb3 Kc7 31. Re3 Rxe3 32. Kxe3 Kb6 33.
Kd4 Bb1 34. a3 Bf5 35. Be2 f6 36. g4 Bc2 37. g5 fxg5 38. fxg5 Bf5 39. Bd1 Kc7
40. h4 b6 41. Ba4 Kd8 42. Bd1 Kc7 43. Be2 Kd8 44. Ke3 Ke7 45. Kf4 Bc2 46. Bf1
Bb1 47. Ke3 Bf5 48. Be2 Kd8 49. Kf4 Bc2 50. c5 bxc5 51. Bxa6 Kc7 52. Ke3 Kb6
53. Bc4 Ka5 54. Kd2 Bf5 55. Bb3 Kb5 56. Kc3 Be4 57. a4+ Ka5 58. Kc4 Bf3 59. Bc2
Bg4 60. Kc3 Be2 61. Bb3 Bf3 62. Kc4 Be4 63. Bd1 Bb1 64. Kb3 Bf5 65. Kc3 Bd7 66.
Kc4 Bxa4 67. Bg4 Bc2 68. Be6 Bd1 69. Bg8 Be2+ 70. Kc3 Kb5 71. Bxh7 Bh5 1/2-1/2

[Event "FRA-chT"]
[Site "FRA"]
[Date "1996.??.??"]
[Round "?"]
[White "Berthelot, Yannick"]
[Black "Dubois, Martine"]
[Result "1/2-1/2"]
[WhiteElo "2290"]
[BlackElo "2050"]
[PlyCount "75"]
[EventDate "1996.??.??"]
[Source "ChessBase"]

1. e4 Nf6 2. e5 Nd5 3. d4 d6 4. Nf3 c6 5. c4 Nc7 6. h3 dxe5 7. Nxe5 Nd7 8. Nf3
g6 9. Nc3 Bg7 10. Bf4 O-O 11. Be2 Re8 12. O-O Ne6 13. Be3 Nef8 14. Qd2 Nf6 15.
Rfd1 Bf5 16. g4 Bc8 17. Ne5 N6d7 18. Nxd7 Bxd7 19. f4 f5 20. g5 e6 21. Bf3 Qe7
22. a3 Rab8 23. b4 b6 24. Re1 Rec8 25. Rad1 Be8 26. Qc2 Qc7 27. Ne2 Nd7 28. c5
b5 29. Nc1 a5 30. Nb3 a4 31. Na5 Nf8 32. Qg2 Ra8 33. Kf2 Ra6 34. Kg3 h5 35. h4
Kh7 36. Bc1 Rd8 37. Bb2 Kg8 38. Bc3 1/2-1/2

[Event "FRA-chT"]
[Site "FRA"]
[Date "1996.??.??"]
[Round "?"]
[White "Berthelot, Yannick"]
[Black "Touzane, Olivier"]
[Result "1/2-1/2"]
[WhiteElo "2290"]
[BlackElo "2495"]
[PlyCount "32"]
[EventDate "1996.??.??"]
[Source "ChessBase"]

1. e4 g6 2. d4 Bg7 3. Nc3 c6 4. f4 d5 5. e5 h5 6. Be3 Nh6 7. Nf3 Bg4 8. h3 Bxf3
9. Qxf3 Nf5 10. Bf2 e6 11. Bd3 h4 12. O-O Bf8 13. Ne2 Qb6 14. b3 Na6 15. c4 Be7
16. a3 Qd8 1/2-1/2

[Event "FRA-chT"]
[Site "FRA"]
[Date "1996.??.??"]
[Round "?"]
[White "Birens, Eric Andre"]
[Black "Elbilia, Jacques"]
[Result "0-1"]
[WhiteElo "2135"]
[BlackElo "2350"]
[PlyCount "85"]
[EventDate "1996.??.??"]
[Source "ChessBase"]

1. d4 e6 2. c4 Bb4+ 3. Nc3 c5 4. a3 Bxc3+ 5. bxc3 Nc6 6. e3 Nge7 7. Bd3 b6 8.
Nf3 d6 9. O-O e5 10. e4 O-O 11. d5 Na5 12. Be3 Ng6 13. Rb1 h6 14. Nd2 Qf6 15.
g3 Bh3 16. Re1 Nf4 17. Bxf4 exf4 18. e5 dxe5 19. Ne4 Qg6 20. Nxc5 Bf5 21. Rxe5
Bxd3 22. Nxd3 fxg3 23. hxg3 Nxc4 24. Nf4 Qd6 25. Re4 Nxa3 26. Rb3 Rfc8 27. Qg4
Nc4 28. Nh5 Qg6 29. Qe2 Nd2 30. Rg4 Qxh5 31. Rxg7+ Kxg7 32. Qxh5 Nxb3 33. Qe5+
Kg8 34. Qf4 Kg7 35. Qe5+ Kg8 36. Qf4 Rd8 37. c4 Na5 38. Qxh6 Rdc8 39. Qg5+ Kf8
40. Qh6+ Ke7 41. Qg5+ Kf8 42. Qh6+ Ke7 43. Qg5+ 0-1

[Event "FRA-chT"]
[Site "FRA"]
[Date "1996.??.??"]
[Round "?"]
[White "Birens, Eric Andre"]
[Black "Heurtebize, Olivier"]
[Result "1-0"]
[WhiteElo "2135"]
[BlackElo "2185"]
[PlyCount "135"]
[EventDate "1996.??.??"]
[Source "ChessBase"]

1. d4 d5 2. c4 e6 3. Nc3 Nf6 4. cxd5 exd5 5. Qc2 Be7 6. Bg5 c6 7. e3 Nbd7 8.
Bd3 Nf8 9. Nf3 Ne6 10. Bh4 g6 11. h3 b6 12. O-O-O Bb7 13. e4 O-O 14. Rhe1 b5
15. exd5 Nxd5 16. Bxe7 Nxe7 17. Kb1 Qb6 18. Qb3 Rad8 19. Rxe6 fxe6 20. Qxe6+
Rf7 21. Ne5 Rdf8 22. Nxf7 Rxf7 23. Bc2 Bc8 24. Qe2 Bf5 25. Ne4 Nd5 26. Bb3 Re7
27. f3 Kg7 28. g4 Be6 29. Qd2 a5 30. Qg5 h6 31. Qe5+ Kg8 32. Bxd5 cxd5 33. Nf6+
Kf7 34. Nxd5 Bxd5 35. Qxd5+ Kg7 36. Rc1 Qf6 37. a3 b4 38. a4 Rf7 39. Rf1 Re7
40. f4 Qh4 41. f5 Re1+ 42. Rxe1 Qxe1+ 43. Ka2 gxf5 44. Qd7+ Kg8 45. gxf5 b3+
46. Kxb3 Qb4+ 47. Kc2 Qc4+ 48. Kd2 Qb4+ 49. Kd3 Qb3+ 50. Ke4 Qc2+ 51. Ke5 Qd2
52. Qe8+ Kh7 53. Qd7+ Kg8 54. Qc8+ Kf7 55. Qc7+ Kg8 56. Qc4+ Kf8 57. Qc5+ Kf7
58. Kd6 Qh2+ 59. Kc6 Qxb2 60. Qxa5 Qc2+ 61. Kd7 Qc4 62. d5 Qd3 63. d6 Qxh3 64.
Qd5+ Kf8 65. Qe6 Qh1 66. Qf6+ Kg8 67. Ke7 Qb7+ 68. d7 1-0

[Event "FRA-chT"]
[Site "FRA"]
[Date "1996.??.??"]
[Round "?"]
[White "Birens, Eric Andre"]
[Black "Legky, Nikolay A"]
[Result "0-1"]
[WhiteElo "2135"]
[BlackElo "2540"]
[PlyCount "98"]
[EventDate "1996.??.??"]
[Source "ChessBase"]

1. d4 d5 2. c4 e6 3. Nc3 Nf6 4. Bg5 Be7 5. cxd5 exd5 6. Qc2 c6 7. e3 Nbd7 8.
Bd3 Nh5 9. Bxe7 Qxe7 10. Nge2 g6 11. g4 Ng7 12. O-O-O Nb6 13. h3 Bd7 14. Ng3
O-O-O 15. Kb1 Kb8 16. Na4 Nxa4 17. Qxa4 h5 18. gxh5 Nxh5 19. Ne2 Nf6 20. Rc1
Ne4 21. Bxe4 Qxe4+ 22. Ka1 Rxh3 23. Rxh3 Bxh3 24. b4 Bd7 25. Qa5 Rh8 26. Qc5
Qe8 27. Qd6+ Ka8 28. Nf4 Be6 29. Nd3 Qd8 30. Qc5 Qf8 31. Qc3 Qd6 32. a4 Rc8 33.
a5 Rh8 34. Kb2 Bf5 35. Ne5 Rh2 36. a6 Rxf2+ 37. Ka3 c5 38. axb7+ Kxb7 39. Qxc5
Qa6+ 40. Qa5 Qxa5+ 41. bxa5 f6 42. Nf7 Rc2 43. Rf1 Kc6 44. Nh6 Bd3 45. Rxf6+
Kb5 46. Kb3 Re2 47. Rf3 Bc2+ 48. Kc3 Be4 49. Rg3 Ka4 0-1

[Event "FRA-chT"]
[Site "FRA"]
[Date "1996.??.??"]
[Round "?"]
[White "Birens, Eric Andre"]
[Black "Okhotnik, Vladimir"]
[Result "0-1"]
[WhiteElo "2135"]
[BlackElo "2415"]
[PlyCount "76"]
[EventDate "1996.??.??"]
[Source "ChessBase"]

1. d4 g6 2. c4 Bg7 3. Nc3 c5 4. d5 Bxc3+ 5. bxc3 f5 6. h4 Nf6 7. h5 Rg8 8. hxg6
hxg6 9. e3 Qa5 10. Qb3 d6 11. Bd3 Nbd7 12. Nf3 Nb6 13. Bd2 Bd7 14. Ng5 O-O-O
15. f3 Qa6 16. Qb1 Nxc4 17. a4 Nxd2 18. Kxd2 c4 19. Be2 Nxd5 20. Rh4 f4 21. e4
Qa5 22. exd5 Qxd5+ 23. Kc1 Qxg5 24. Rh7 Rh8 25. Rxh8 Rxh8 26. Qe4 Rh1+ 27. Bd1
d5 28. Qd4 Qf6 29. Qc5+ Kb8 30. Kd2 Qe5 31. Qf2 Bf5 32. a5 Rf1 33. Qd4 Qe1+ 34.
Kc1 e5 35. Qd2 Qe3 36. g4 Bd3 37. a6 b6 38. Ra2 Rf2 0-1

[Event "FRA-chT"]
[Site "FRA"]
[Date "1996.??.??"]
[Round "?"]
[White "Bleunven, Andre"]
[Black "Eusebe, Aurelien"]
[Result "0-1"]
[WhiteElo "2240"]
[BlackElo "2145"]
[PlyCount "104"]
[EventDate "1996.??.??"]
[Source "ChessBase"]

1. d4 Nf6 2. Nf3 e6 3. c4 c5 4. d5 exd5 5. cxd5 a6 6. a4 d6 7. Nc3 Qe7 8. Nd2
Bf5 9. a5 Nbd7 10. Qa4 h6 11. e4 g5 12. Bd3 Bg7 13. h4 Nh5 14. Kf1 Bg6 15. Nc4
O-O 16. hxg5 hxg5 17. g3 Ne5 18. Nxe5 Bxe5 19. Qd1 Ng7 20. Qg4 f5 21. Bxg5 fxg4
22. Bxe7 Rf7 23. Bh4 Raf8 24. Nd1 Bd4 25. Rh2 Re8 26. Nc3 Ref8 27. Nd1 Nh5 28.
Ke2 Re8 29. Bg5 Nf6 30. Bxf6 Bxf6 31. Nc3 Bxc3 32. bxc3 c4 33. Bc2 Bxe4 34.
Bxe4 Rxe4+ 35. Kf1 Re3 36. Re1 Rxc3 37. Re8+ Kg7 38. Reh8 Rd3 39. R2h7+ Kf6 40.
Rh6+ Ke7 41. Rb8 Rxd5 42. Rxb7+ Kf8 43. Rb8+ Kg7 44. Rh4 Rd4 45. Rc8 Kf6 46.
Rc6 Ke5 47. Rxa6 Rc7 48. Rh5+ Ke4 49. Ke2 c3 50. Ra8 Rd2+ 51. Ke1 c2 52. Re8+
Kd4 0-1

[Event "FRA-chT"]
[Site "FRA"]
[Date "1996.??.??"]
[Round "?"]
[White "Bleunven, Andre"]
[Black "Gilles, Raphael"]
[Result "0-1"]
[WhiteElo "2240"]
[BlackElo "2260"]
[PlyCount "70"]
[EventDate "1996.??.??"]
[Source "ChessBase"]

1. d4 d5 2. Nf3 c6 3. c4 e6 4. Qc2 dxc4 5. Qxc4 Nf6 6. Nc3 b5 7. Qd3 Bb7 8. Bg5
Nbd7 9. e4 b4 10. Na4 h6 11. Bxf6 Nxf6 12. Rc1 Qa5 13. b3 Be7 14. Qe3 O-O 15.
Bd3 Nd7 16. O-O c5 17. Rc2 cxd4 18. Nxd4 Ne5 19. Be2 Rfd8 20. f4 Ng6 21. Nc6
Bxc6 22. Rxc6 Rd6 23. Rfc1 Rxc6 24. Rxc6 Rd8 25. g3 e5 26. f5 Nf8 27. Ra6 Qc7
28. Rxa7 Qd6 29. Ra6 Bg5 30. Qf3 Qd2 31. Nb6 Qc1+ 32. Kg2 Rd2 33. Nc4 Rc2 34.
h4 Qe1 35. hxg5 Rxe2+ 0-1

[Event "FRA-chT"]
[Site "FRA"]
[Date "1996.??.??"]
[Round "?"]
[White "Bolding, Klaus"]
[Black "Piankov, Evgenij"]
[Result "0-1"]
[WhiteElo "2305"]
[BlackElo "2415"]
[PlyCount "156"]
[EventDate "1996.??.??"]
[Source "ChessBase"]

1. Nf3 Nf6 2. c4 g6 3. Nc3 Bg7 4. e4 c5 5. d4 cxd4 6. Nxd4 Nc6 7. Be3 d6 8. Be2
O-O 9. O-O Bd7 10. Nc2 a6 11. Qd2 Rb8 12. f3 Ne5 13. a4 Qc7 14. b3 Rfd8 15. a5
Rf8 16. Rfd1 Be6 17. Nd5 Bxd5 18. exd5 Ned7 19. Nd4 Rfe8 20. Bf1 Nf8 21. g3
N6d7 22. Ra2 Rbd8 23. Bh3 e5 24. dxe6 fxe6 25. Bg2 Ne5 26. Ne2 Qe7 27. Bb6 Rd7
28. Nf4 Qf7 29. Qe3 d5 30. cxd5 exd5 31. Qf2 Nc6 32. Bh3 d4 33. Bxd7 Nxd7 34.
Re2 Nde5 35. Kg2 Qxb3 36. Rde1 Rf8 37. Bxd4 Nxd4 38. Qxd4 Nxf3 39. Qd7 Nxe1+
40. Rxe1 Qc2+ 41. Re2 Qc6+ 42. Qxc6 bxc6 43. Rc2 Rf6 44. Nd3 Bf8 45. Ne5 c5 46.
Nc4 Re6 47. Kf3 Re1 48. Rb2 Rc1 49. Ne3 c4 50. Rb6 Rc3 51. Rxa6 Bh6 52. Re6 Kf7
53. Re4 Ra3 54. a6 Kf6 55. a7 Bxe3 56. Rxe3 Rxa7 57. Rc3 Rc7 58. Ke4 Kg5 59. h3
h5 60. Ke5 Rc8 61. h4+ Kg4 62. Kf6 Rc6+ 63. Ke7 g5 64. hxg5 Kxg5 65. Kd7 Rc5
66. Kd6 Rc8 67. Kd7 Rb8 68. Rxc4 Rb3 69. Rc8 Rxg3 70. Rh8 Kh4 71. Ke6 Rg5 72.
Kf6 Kg4 73. Ra8 Rf5+ 74. Ke6 h4 75. Ra4+ Rf4 76. Ra8 h3 77. Ke5 Rf5+ 78. Ke4 h2
0-1

[Event "FRA-chT"]
[Site "FRA"]
[Date "1996.??.??"]
[Round "?"]
[White "Bolding, Klaus"]
[Black "Pira, Davoud"]
[Result "1-0"]
[WhiteElo "2305"]
[BlackElo "2330"]
[PlyCount "77"]
[EventDate "1996.??.??"]
[Source "ChessBase"]

1. Nf3 c5 2. c4 e6 3. Nc3 Nf6 4. d4 cxd4 5. Nxd4 a6 6. g3 Qc7 7. e4 Bb4 8. Qd3
d6 9. Nc2 Bxc3+ 10. Qxc3 O-O 11. Bg2 Nbd7 12. O-O Rb8 13. Bd2 b6 14. Rfe1 Bb7
15. Nd4 Rbc8 16. Rac1 Qb8 17. Qe3 Nc5 18. f3 Rfe8 19. Bh3 Ba8 20. g4 b5 21.
cxb5 axb5 22. g5 Nfd7 23. b4 Ne5 24. bxc5 dxc5 25. Ne2 Red8 26. Nf4 Rxd2 27.
Bg2 Rxa2 28. Rxc5 Nc4 29. Rxc8+ Qxc8 30. Qc1 Qc5+ 31. Kh1 Qxg5 32. Rg1 e5 33.
Qb1 Rb2 34. Qa1 Qd8 35. Nh5 g6 36. Bf1 Rc2 37. Bxc4 bxc4 38. Qxe5 c3 39. Qg7#
1-0